Hacia una ética feminista comunitaria en la investigación social /

Este ensayo intenta exponer las siguientes proposiciones básicas: 1) existe la necesidad de desarrollar una epistemología y una ética de la investigación social basada en los planteamientos posmodernos del feminismo, 2) las ideas de Feyerabend podrían servir de fundamento a dicha empresa, 3) algunos...

Mô tả đầy đủ

Đã lưu trong:
Chi tiết về thư mục
Tác giả chính: Moya, Antonio de
Định dạng: Texto
Những chủ đề:
Các nhãn: Thêm thẻ
Không có thẻ, Là người đầu tiên thẻ bản ghi này!

MARC

LEADER 00000 a a2200000 04500
001 45162
003
040
100 |a Moya, Antonio de  
245 |a Hacia una ética feminista comunitaria en la investigación social /  |c Antonio de Moya  
520 |a Este ensayo intenta exponer las siguientes proposiciones básicas: 1) existe la necesidad de desarrollar una epistemología y una ética de la investigación social basada en los planteamientos posmodernos del feminismo, 2) las ideas de Feyerabend podrían servir de fundamento a dicha empresa, 3) algunos planteamientos del feminismo global poscolonial se encaminan ya en esa dirección, 4) la "pandemiología solidaria" y el "enfoque insular" son dos instancias concretas de intentos vigentes de aplicar tal perspectiva, y 5) la agenda de investigación social urgente debe incluir el estado de conciencia, las prácticas y la transformación gradual de prejuicios sociales tales como el generismo, nacionalismo, racismo, sexismo y clasismo.  
590 |a AMB/MAYO2014  
650 |a FEMINISMO  
650 |a MARXISMO  
650 |a POSMODERNISMO  
650 |a INVESTIGACION  
650 |a CIENCIAS SOCIALES  
650 |a ANALISIS DE GENERO  
650 |a ANALISIS HISTORICO  
650 |a EPISTEMOLOGIA  
650 |a EPIDEMIOLOGIA  
650 |a ETICA  
650 |a REPÚBLICA DOMINICANA  
773 |g páginas 71-92  
999 |c 39795  |d 39795